Paroles - College Boy, Indochine - Statistiques

Statistiques générales
  • Ce quiz a été pris 78 fois
    50 depuis la dernière actualisation
  • Le résultat moyen est 212 sur 247
Statistiques - réponses
Answers % Correct
le
100%
Le
100%
de
97%
facile
97%
I
97%
Je
97%
je
97%
les
97%
ma
97%
ne
97%
pas
97%
se
97%
sera
97%
vie
97%
ça
94%
droit
94%
gens
94%
j'ai
94%
J'ai
94%
la
94%
94%
peau
94%
pour
94%
Pour
94%
que
94%
serai
94%
sur
94%
sûr
94%
ta
94%
te
94%
à
91%
A
91%
a
91%
ce
91%
faire
91%
J'apprends
91%
goût
91%
ici
91%
moi
91%
Oui
91%
oui
91%
Quand
91%
quand
91%
réveilleras
91%
si
91%
to
91%
tu
91%
Tu
91%
ces
88%
Chez
88%
comme
88%
Comme
88%
du
88%
en
88%
leur
88%
tranquille
88%
différent
84%
J'aime
84%
j'aime
84%
jambes
84%
lait
84%
Mais
84%
me
84%
see
84%
tes
84%
trop
84%
want
84%
you
84%
c'est
81%
des
81%
fragile
81%
ira
81%
moins
81%
nous
81%
petit
81%
peu
81%
serais
81%
tout
81%
un
81%
beau
78%
bruit
78%
colère
78%
derrière
78%
d'ouvrir
78%
Et
78%
garçons
78%
j'entends
78%
monde
78%
nos
78%
peine
78%
pourtant
78%
disent
75%
m'aime
75%
qu'ils
75%
bien
72%
cerf
72%
ceux
72%
filles
72%
même
72%
sommes
72%
tous
72%
âges
69%
endroits
69%
souvent
69%
donnes
63%
d'être
59%
fruit
59%
revoir
59%
traverserons
59%
bas
56%
ciels
56%
dur
56%
On
53%
voir
50%
qu'ici
44%
comprends
41%
gloire
41%
gloires
28%
rages
28%
Aucun quiz correspondant
Distribution des résultats
% des personnes avec chaque résultat
Percentile par nombre de réponses
Votre historique - résultats
Vous n’avez pas pris ce quiz depuis la dernière actualisation